Kliknij powiaty Polski na mapie - Statystyki

Ogólne statystyki
  • Ten quiz został rozwiązany 3 696 razy
  • Średni wynik to 133 z 380
Odpowiedzi na mapie
Odpowiedzi zakodowano w zielono-czerwonej skali na mapie do tego quizu, zgodnie z poniższymi procentami.
 
Statystyki odpowiedzi
Odpowiedź % Poprawnych
Warszawa
57%
białostocki
56%
Gdańsk
56%
Gdynia
56%
Kraków
56%
poznański
56%
Białystok
55%
Łódź
55%
olsztyński
55%
Poznań
55%
Bydgoszcz
54%
Kielce
54%
Lublin
54%
Opole
54%
Radom
54%
Rzeszów
54%
rzeszowski
54%
Szczecin
54%
Wrocław
54%
bydgoski
53%
Elbląg
53%
kielecki
53%
krakowski
53%
Olsztyn
53%
opolski (opolskie)
53%
toruński
53%
Częstochowa
52%
gdański
52%
radomski
52%
Sopot
52%
Suwałki
52%
suwalski
52%
Świnoujście
52%
Toruń
52%
Zielona Góra
52%
częstochowski
51%
elbląski
51%
Gorzów Wielkopolski
51%
Katowice
51%
Koszalin
51%
koszaliński
51%
lubelski
51%
Słupsk
51%
tatrzański
51%
zielonogórski
51%
bieszczadzki
50%
Płock
50%
Przemyśl
50%
słupski
50%
wrocławski
50%
Piotrków Trybunalski
49%
płocki
49%
gorzowski
48%
Krosno
48%
Legnica
48%
Nowy Sącz
48%
przemyski
48%
Tarnów
48%
tarnowski
48%
warszawski-zachodni
48%
Grudziądz
47%
Jelenia Góra
47%
Konin
47%
legnicki
47%
Łomża
47%
piotrkowski
47%
Siedlce
47%
Wałbrzych
47%
Zamość
47%
Bielsko-Biała
46%
grudziądzki
46%
Kalisz
46%
nowosądecki
46%
Włocławek
46%
zamojski
46%
Chełm
45%
chełmski
45%
kłodzki
45%
koniński
45%
krośnieński (podkarpackie)
45%
Leszno
45%
łódzki wschodni
45%
łomżynski
45%
siedlecki
45%
Biała Podlaska
44%
ostrołęcki
44%
Ostrołęka
44%
pucki
44%
Tarnobrzeg
44%
wałbrzyski
44%
włocławski
44%
bielski (śląskie)
43%
wejherowski
43%
zgorzelecki
43%
augustowski
42%
Gliwice
42%
kaliski
42%
kołobrzeski
42%
skierniewicki
42%
tarnobrzeski
42%
nowotarski
41%
wielicki
41%
żywiecki
41%
cieszyński
40%
gnieźnieński
40%
hrubieszowski
40%
pruszkowski
40%
hajnowski
39%
Rybnik
39%
sandomierski
39%
sanocki
39%
Skierniewice
39%
Jastrzębie-Zdrój
38%
lęborski
38%
leszczyński
38%
bełchatowski
37%
Dąbrowa Górnicza
37%
gliwicki
37%
Jaworzno
37%
piaseczyński
37%
stargardzki
37%
tczewski
37%
Tychy
37%
wołomiński
37%
Zabrze
37%
brzeski (opolskie)
36%
legionowski
36%
malborski
36%
nowodworski (pomorskie)
36%
otwocki
36%
policki
36%
sejneński
36%
wadowicki
36%
zgierski
36%
bialski
35%
bielski (podlaskie)
35%
bocheński
35%
gołdapski
35%
karkonoski
35%
limanowski
35%
mielecki
35%
mrągowski
35%
pabianicki
35%
Sosnowiec
35%
bolesławiecki
34%
Bytom
34%
chojnicki
34%
dębicki
34%
gorlicki
34%
jarosławski
34%
kartuski
34%
nyski
34%
pilski
34%
Ruda Śląska
34%
stalowowolski
34%
tomaszowski (łódzkie)
34%
braniewski
33%
brzeski (małopolskie)
33%
ełcki
33%
inowrocławski
33%
leski
33%
miński
33%
oświęcimski
33%
pszczyński
33%
radomszczański
33%
rybnicki
33%
Siemianowice Śląskie
33%
sławieński
33%
słubicki
33%
świdnicki (lubelskie)
33%
Świętochłowice
33%
Żory
33%
bartoszycki
32%
biłgorajski
32%
giżycki
32%
grójecki
32%
iławski
32%
kutnowski
32%
łowicki
32%
mławski
32%
myślenicki
32%
Mysłowice
32%
ostródzki
32%
puławski
32%
raciborski
32%
sieradzki
32%
sokólski
32%
świdnicki (dolnośląskie)
32%
świebodziński
32%
włodawski
32%
złotowski
32%
żyrardowski
32%
bytowski
31%
Chorzów
31%
ciechanowski
31%
jasielski
31%
kędzierzyńsko-kozielski
31%
krośnieński (lubuskie)
31%
łańcucki
31%
lidzbarski
31%
łosicki
31%
miechowski
31%
olkuski
31%
piski
31%
starogardzki
31%
strzelecko-drezdenecki
31%
szczecinecki
31%
tarnogórski
31%
tucholski
31%
wodzisławski
31%
zawierciański
31%
chrzanowski
30%
czarnkowsko-trzcianecki
30%
człuchowski
30%
garwoliński
30%
głogowski
30%
głubczycki
30%
goleniowski
30%
grodziski (mazowieckie)
30%
gryfiński
30%
jędrzejowski
30%
kamieński
30%
kolski
30%
kościerski
30%
krasnostawski
30%
lubiński
30%
nakielski
30%
nowodworski (mazowieckie)
30%
oleśnicki
30%
ostrowski (mazowieckie)
30%
Piekary Śląskie
30%
rawski
30%
siemiatycki
30%
skarżyski
30%
sochaczewski
30%
świecki
30%
tomaszowski (lubelskie)
30%
turecki
30%
wieluński
30%
żarski
30%
bieruńsko-lędziński
29%
działdowski
29%
gostyniński
29%
grajewski
29%
gryficki
29%
kluczborski
29%
konecki
29%
kozienicki
29%
kwidzyński
29%
lubartowski
29%
lubliniecki
29%
łukowski
29%
międzyrzecki
29%
milicki
29%
nowosolski
29%
opolski (lubelskie)
29%
ostrowski (wielkopolskie)
29%
płoński
29%
pułtuski
29%
sierpecki
29%
średzki (dolnośląskie)
29%
średzki (wielkopolskie)
29%
starachowicki
29%
szczycieński
29%
sztumski
29%
wałecki
29%
wrzesiński
29%
wschowski
29%
żagański
29%
będziński
28%
brodnicki
28%
kamiennogórski
28%
kępiński
28%
kętrzyński
28%
kłobucki
28%
łęczycki
28%
mikołowski
28%
moniecki
28%
nidzicki
28%
oławski
28%
olecki
28%
opoczyński
28%
polkowicki
28%
radzyński
28%
ropczycko-sędziszowski
28%
rycki
28%
suski
28%
węgorzewski
28%
włoszczowski
28%
wysokomazowiecki
28%
zambrowski
28%
buski
27%
dąbrowski
27%
drawski
27%
jaworski
27%
kolbuszowski
27%
kraśnicki
27%
lubaczowski
27%
myśliborski
27%
namysłowski
27%
opatowski
27%
przeworski
27%
staszowski
27%
strzelecki
27%
trzebnicki
27%
wieruszowski
27%
wyszkowski
27%
zduńskowolski
27%
żuromiński
27%
białobrzeski
26%
białogardzki
26%
brzozowski
26%
kazimierski
26%
kolneński
26%
lubański
26%
lwówecki
26%
myszkowski
26%
niżański
26%
obornicki
26%
ostrowiecki
26%
ostrzeszowski
26%
proszowicki
26%
prudnicki
26%
przasnyski
26%
rawicki
26%
sępoleński
26%
sokołowski
26%
śremski
26%
szamotulski
26%
szydłowiecki
26%
żniński
26%
zwoleński
26%
aleksandrowski
25%
brzeziński
25%
chełmiński
25%
choszczeński
25%
dzierżoniowski
25%
górowski
25%
grodziski (wielkopolskie)
25%
janowski
25%
krapkowicki
25%
lipnowski
25%
lipski
25%
łobeski
25%
nowomiejski
25%
nowotomyski
25%
pajęczański
25%
parczewski
25%
pińczowski
25%
pyrzycki
25%
rypiński
25%
wągrowiecki
25%
węgrowski
25%
ząbkowicki
25%
złotoryjski
25%
chodzieski
24%
golubsko-dobrzyński
24%
jarociński
24%
kościański
24%
łaski
24%
łęczyński
24%
leżajski
24%
makowski
24%
międzychodzki
24%
mogileński
24%
oleski
24%
poddębicki
24%
przysuski
24%
słupecki
24%
sulęciński
24%
wolsztyński
24%
krotoszyński
23%
strzeliński
23%
strzyżowski
23%
świdwiński
23%
wołowski
23%
pleszewski
22%
radziejowski
22%
wąbrzeski
22%
gostyński
21%
Nie znaleziono quizów pasujących do podanych kryteriów
Rozkład punktacji
Procent ludzi z każdym wynikiem
Percentyl według liczby udzielonych odpowiedzi
Twoja historia wyników
Nie rozwiązałeś tego quizu